Energy performance certificate and home condition report registers (Record no. 120631)
[ view plain ]
| 000 -LEADER | |
|---|---|
| fixed length control field | 01186cai a22002175a 4500 |
| 001 - CONTROL NUMBER | |
| control field | L140532 |
| 008 - FIXED-LENGTH DATA ELEMENTS--GENERAL INFORMATION | |
| fixed length control field | 070926s2007 xxk g 000 0 eng d |
| 035 ## - SYSTEM CONTROL NUMBER | |
| System control number | (Sirsi) u140532 |
| 041 0# - LANGUAGE CODE | |
| Language code of text/sound track or separate title | eng |
| 110 2# - MAIN ENTRY--CORPORATE NAME | |
| Corporate name or jurisdiction name as entry element | Landmark Information Group |
| 9 (RLIN) | 4113 |
| 245 00 - TITLE STATEMENT | |
| Title | Energy performance certificate and home condition report registers |
| Medium | [electronic resource] |
| 520 ## - SUMMARY, ETC. | |
| Summary, etc. | Enables members of the public to locate domestic energy assessors and home inspectors, and to retrieve Energy Performance Certificates and Home Condition Reports. To find assessors and inspectors, a search can be a simple postcode, name parts, or an accreditation number. Contact details are returned. Certificates and reports can only be located by entering the correct report reference number. |
| 590 ## - LOCAL NOTE (RLIN) | |
| Local note | KA NTK |
| 650 24 - SUBJECT ADDED ENTRY--TOPICAL TERM | |
| Topical term or geographic name entry element | RESIDENTIAL ENERGY PERFORMANCE CERTIFICATES |
| 650 24 - SUBJECT ADDED ENTRY--TOPICAL TERM | |
| Topical term or geographic name entry element | HOME INFORMATION PACKS |
| 650 24 - SUBJECT ADDED ENTRY--TOPICAL TERM | |
| Topical term or geographic name entry element | HOME CONDITION REPORTS |
| 651 #4 - SUBJECT ADDED ENTRY--GEOGRAPHIC NAME | |
| Geographic name | United Kingdom |
| Chronological subdivision | |
| 690 ## - LOCAL SUBJECT ADDED ENTRY--TOPICAL TERM (OCLC, RLIN) | |
| Topical term or geographic name as entry element | PROPERTY-RESIDENTIAL PROPERTY-ACQUISITION AND DISPOSAL OF RESIDENTIAL PROPERTY-HOME BUYING REFORM |
| 856 40 - ELECTRONIC LOCATION AND ACCESS | |
| Uniform Resource Identifier | <a href="https://www.hcrregister.com/Welcome">https://www.hcrregister.com/Welcome</a> |
| Public note | View the website free of charge at www.hcrregister.com... |
| 942 ## - ADDED ENTRY ELEMENTS (KOHA) | |
| Suppress in OPAC | 0 |
| Withdrawn status | Lost status | Source of classification or shelving scheme | Damaged status | Not for loan | Home library | Current library | Shelving location | Date acquired | Total Checkouts | Full call number | Barcode | Date last seen | Copy number | Price effective from | Koha item type |
|---|---|---|---|---|---|---|---|---|---|---|---|---|---|---|---|
| Dewey Decimal Classification | Virtual | Virtual | Online | 26/09/2007 | ONLINE PUBLICATION | 140532-1001 | 06/08/2019 | 1 | 06/08/2019 | Online material |